00409nam a22001337a 4500003000500000038001800005082000800023100002400031245007000055264003300125650001800158700004200176856005700218NUST aNusrat Nadeem a200 aAhmed, Syed Hasnain aPersonalized Marketing Strategies Using AI/cSyed Hasnain Ahmed,  aIslamabad:bNBS NUST.c2025. aExecutive MBA aSupervisor: Dr. Muhammad Adnan Waseem uhttp://10.250.8.41:8080/xmlui/handle/123456789/54568